[Event "BLR-ch sf"]
[Site "Minsk"]
[Date "2023.12.14"]
[Round "8"]
[White "Lamaka, Mikhail"]
[Black "Darafeyuk, Kanstantsin"]
[Result "0-1"]
[WhiteElo "1800"]
[BlackElo "1098"]
[PlyCount "102"]
[EventDate "2023.12.07"]
[EventType "swiss"]
[EventRounds "9"]
[EventCountry "BLR"]
[SourceTitle "CBM 217 Extra"]
[Source "ChessBase"]
[SourceDate "2024.01.31"]
[SourceVersion "1"]
[SourceVersionDate "2024.01.31"]
[SourceQuality "1"]

1. e4 c5 2. Nf3 e6 3. d4 cxd4 4. Nxd4 Nf6 5. Nc3 Nc6 6. Nxc6 bxc6 7. e5 Nd5 8. Nxd5 cxd5 9. g3 Qc7 10. Qe2 Bb4+ 11. c3 Bxc3+ 12. Kd1 Bxe5 13. Bg5 h6 14. Be3 Bf6 15. Rc1 Qb8 16. b3 0-0 17. Bg2 Bb7 18. h4 d4 19. Bxh6 gxh6 20. f3 Qxg3 21. Rg1 Bxh4 22. Qf1 Qf2 23. Bh3+ Kh8 24. Rc4 Bxf3+ 25. Kc1 Be2 26. Qxf2 Bxf2 27. Rg2 Bxc4 28. bxc4 Be3+ 29. Kc2 f5 30. Rg6 Kh7 31. Rg3 Rac8 32. Kd3 e5 33. Bf1 e4+ 34. Kc2 Bf4 35. Ra3 d3+ 36. Bxd3 exd3+ 37. Kxd3 Bb8 38. Ra5 d6 39. Rd5 Rc5 40. Rd4 f4 41. Ke2 f3+ 42. Kf2 Rg5 43. c5 Rg2+ 44. Ke3 Re2+ 45. Kd3 f2 46. Kxe2 f1Q+ 47. Kd2 Rf2+ 48. Kc3 Qc1+ 49. Kb3 Rf3+ 50. Ka4 Ra3+ 51. Kb5 Qxc5# 0-1

[Event "BLR-ch sf"]
[Site "Minsk"]
[Date "2023.12.11"]
[Round "5"]
[White "Zhylchyk, Mark"]
[Black "Lamaka, Mikhail"]
[Result "1/2-1/2"]
[WhiteElo "1145"]
[BlackElo "1800"]
[PlyCount "81"]
[EventDate "2023.12.07"]
[EventType "swiss"]
[EventRounds "9"]
[EventCountry "BLR"]
[SourceTitle "CBM 217 Extra"]
[Source "ChessBase"]
[SourceDate "2024.01.31"]
[SourceVersion "1"]
[SourceVersionDate "2024.01.31"]
[SourceQuality "1"]

1. e4 e6 2. d4 d5 3. exd5 exd5 4. Bd3 Bd6 5. Nf3 Nc6 6. c3 h6 7. 0-0 Nge7 8. Nbd2 0-0 9. Qc2 Kh8 10. Re1 Bg4 11. h3 Bd7 12. a4 a6 13. b4 Qc8 14. Nb3 Bf5 15. Bxf5 Qxf5 16. Qxf5 Nxf5 17. Bd2 Rfe8 18. g4 Nfe7 19. Nc1 Ng6 20. Nd3 Re4 21. Kg2 Rae8 22. Kf1 Na7 23. Nc5 Bxc5 24. dxc5 Rd8 25. Be3 Ne5 26. Nd2 Nd3 27. Nxe4 Nxe1 28. Rxe1 dxe4 29. Bd4 Re8 30. f3 Nc6 31. Rxe4 Rxe4 32. fxe4 f6 33. Ke2 Kh7 34. h4 Kg6 35. Kf3 h5 36. gxh5+ Kxh5 37. Kg3 Ne7 38. e5 fxe5 39. Bxe5 c6 40. c4 g6 41. Bf6 1/2-1/2